| 000 | 00587nam a2200193Ia 4500 | ||
|---|---|---|---|
| 008 | 151121s9999||||xx |||||||||||||| ||und|| | ||
| 082 | _a323।2/नाराय | ||
| 082 | _bHNW-38011 | ||
| 100 | _aनारायण जयप्रकाश | ||
| 245 | _aस्वगत | ||
| 260 | _b"अभय प्रकाशन, नांदेड।" | ||
| 260 | _c-- | ||
| 300 | _a136 | ||
| 600 | _aनारायण जयप्रकाश | ||
| 630 | _aस्वगत | ||
| 700 | _aनारायण जयप्रकाश | ||
| 730 | _aस्वगत | ||
| 942 | _cBOOK | ||
| 999 |
_c1229073 _d1229070 |
||